Statistics for All Ballon d'Or Winners Since 2000

Click here to take the quiz!

General Stats

  • This quiz has been taken 116 times
  • The average score is 17 of 20

Answer Stats

YearClub at the TimeAnswer% Correct
2019FC BarcelonaLionel Messi
95%
2017Real MadridCristiano Ronaldo
94%
2016Real MadridCristiano Ronaldo
94%
2009FC BarcelonaLionel Messi
94%
2015FC BarcelonaLionel Messi
94%
2012FC BarcelonaLionel Messi
94%
2011FC BarcelonaLionel Messi
94%
2010FC BarcelonaLionel Messi
94%
2018Real MadridLuka Modric
94%
2014Real MadridCristiano Ronaldo
93%
2013Real MadridCristiano Ronaldo
93%
2008Manchester UnitedCristiano Ronaldo
90%
2007AC MilanKaka
84%
2005BarcelonaRonaldinho
81%
2001LiverpoolMichael Owen
80%
2002Real MadridRonaldo
77%
2000Real MadridLuis Figo
74%
2006Real Madrid/ JuventusFabio Cannavaro
70%
2003JuventusPavel Nedvěd
70%
2004AC MilanAndriy Shevchenko
65%

Score Distribution

Percentile by Number Answered

Percent of People with Each Score

Your Score History

You have not taken this quiz